Tunis : l'Orient de la modernité /

محفوظ في:

المؤلف الرئيسي: Bilas, Charles (مؤلف)

مؤلفون آخرون: Bilanges, Thomas.

التنسيق: كتاب

اللغة: French

منشور في: Paris : Eclat, 2010.

سلاسل: Librairie de l'architecture et de la ville.

الموضوعات:

الوسوم: إضافة وسم

لا توجد وسوم, كن أول من يضع وسما على هذه التسجيلة!

رقم الطلب: NA1591 .B54 2010

LEADER 01080namaa2200313 4500
001 25321
003 OSt
005 20250907083037.0
008 130303s2010 fr ab b 001 0 fre d
010 |a 2010453107 
020 |a 9782841622061 
040 |c ARCE Library 
043 |a f-ti--- 
050 4 |a NA1591 .B54 2010 
100 1 |a Bilas, Charles,   |e author  |9 26797 
245 1 0 |a Tunis :   |b l'Orient de la modernité /   |c texte de Charles Bilas ; photographies de Thomas Bilanges. 
264 1 |a Paris :   |b Eclat,   |c 2010. 
300 |a 319 pages :   |b color illustrations, map ;   |c 29 cm. 
490 0 |a Librairie de l'architecture et de la ville. 
504 |a Includes bibliographical references and indexes. 
650 0 |a Architecture  |z Tunisia  |x History. 
650 0 |a Architecture   |z Tunisia   |y 19th century. 
650 0 |a Architecture   |z Tunisia   |y 20th century. 
650 0 |a Architecture, European  |z Tunisia  |x History. 
650 0 |a Decoration and ornament, Architectural  |z Tunisia. 
700 1 |a Bilanges, Thomas.  |9 26796 
901 |a reviewed 
942 |c BK  |2 lcc 
999 |c 23752  |d 23752